Statistiques concernant Capitales plus près de Bruxelles

Cliquez ici pour prendre le quiz!

Statistiques générales

  • Ce quiz a été pris 142 fois
    (133 depuis la dernière actualisation)
  • Le résultat moyen est 9 sur 11

Statistiques - réponses

KmRéponseMi% Correct
265Paris165
100%
185Luxembourg115
99%
175Amsterdam110
98%
650Berlin405
97%
320Londres200
96%
490Berne305
89%
765Copenhague475
79%
775Dublin480
79%
715Prague445
66%
560Vaduz345
63%
820Monaco510
47%

Distribution des résultats

Percentile par nombre de réponses

% des personnes avec chaque résultat

Votre développement - résultats

Vous n’avez pas pris ce quiz depuis la dernière actualisation